1565 1797 1567 1909 1176 1732 1281 1668 1551 1488 1296 1476 1932 1557 1468 1030 1309 1765 1134 1498 1873 1329 1913 1886 1643 1660 1497 1454 1443 1341 1587 1945 1198 1773 1382 1643 1500 1407 1970 1876 1666 1552 1671 1591 1016 1025 1303 1499 1679 1833 1542 1314 1448 1455 1015 1029 1867 1845 1587 1651 1367 1205 1647 1171 1976 1386 1480 1561 1423 1345 1347 1119 1957 1751 1399 1146 1078 1437 1056 1050 1612 1551 1137 1019 1127 1999 1739 1689 1082 1239 1842 1248 1738 1646 1293 1826 1133 1996 1488 BCNSPRNW ULIB Ver.6.0+V

เปลี่ยนเป็นภาษาไทย

Change to English
 แสดงรายละเอียดบรรณานุกรม
  กลับหน้าหลัก

Brief Record : Get Marc (ISO 2709) : E-mail record : QR code < ปิดหน้าต่าง
LEADER : 00000nam 2200000uu 4500
001    13399108518
003     ULIB
008    110306s2552||||th 000 0 tha d
020    9786115070060(ล.1)
060 04 QV766^bภ492ค ล.1 2552
100 0  ภาสกิจ (วิทวัส) วัณนาวิบูล
245 10 คู่มือสมุนไพรจีนกับการรักษาทางคลินิก /^cโดย ภาสกิจ(วิทวัส) วัณนาวิบูล
260    กรุงเทพฯ :^bหมอชาวบ้าน,^c2552
300    215 หน้า :^bภาพประกอบ ;^c21 ซม.
650  7 การรักษาด้วยสมุนไพร
650  7 สมุนไพร^zจีน
650  7 ยาสมุนไพร
945    ^p180^l0^i025235
945    ^p180^l0^i025234
995    ทศพร
999 ^a ใช้งานได้ทุกระบบ
รายการนี้ยังไม่มีแท็ก
คุณยังไม่ได้ล็อกอิน คุณสามารถมีกิจกรรมร่วมกับเว็บไซต์ได้ แต่ต้องล็อกอินก่อน ::
  ล็อกอิน

รายการสื่อสารสนเทศ

ลำดับที่ ประเภท เลขเรียก/บาร์โค้ด สถานที่ สถานะ
- ไม่พบข้อมูล -

รายการใกล้เคียง
    ผู้แต่ง [ภาสกิจ (วิทวัส) วัณนาวิบูล]

    หัวเรื่อง [การรักษาด้วยสมุนไพร]
    หัวเรื่อง [ยาสมุนไพร]

BibComment


ยังไม่เคยถูกคอมเมนท์

คอมเมนท์ทรัพยากรรายการนี้
  คอมเมนท์: คู่มือสมุนไพรจีนก..


 Copyright 2026. Bcnsprnw @Library